000 00469nam a2200181Ia 4500
005 20240610013853.0
008 240331s9999 xx 000 0 und d
020 _a
082 _bWES
_a331
100 _aWesumperuma, Dharmapriya
245 0 _aIndian immigrant plantation workers in Sri Lanka
250 _a1 st
260 _aSriLanka
_bSri Lanka National Library
_c1986
300 _axx, 325 p .,
650 _aLabor Migration
650 _aEconomic
942 _cL
999 _c2725
_d2725